Welcome to the Holygrace Academy Library

Please use search bar below to get started

MALAYALAM BIBLE (Record no. 5263)

MARC details
000 -LEADER
fixed length control field 00292nam a22001337a 4500
082 ## - DEWEY DECIMAL CLASSIFICATION NUMBER
Classification number 220
Item number HOS/B
100 ## - MAIN ENTRY--AUTHOR NAME
Personal name HOSANNA MOUNT
245 ## - TITLE STATEMENT
Title MALAYALAM BIBLE
250 ## - EDITION STATEMENT
Edition statement 13 TH EDITION
260 ## - PUBLICATION, DISTRIBUTION, ETC. (IMPRINT)
Place of publication EDAMATTOM
Name of publisher HOSANNA MOUNT
Year of publication 2010
300 ## - PHYSICAL DESCRIPTION
Number of Pages 358
650 ## - SUBJECT ADDED ENTRY--TOPICAL TERM
Topical Term RELIGIOUS
Geographic subdivision KERALA
942 ## - ADDED ENTRY ELEMENTS (KOHA)
Koha item type Books
Holdings
Withdrawn status Lost status Collection code Home library Current library Shelving location Date acquired Source of acquisition Full call number Accession Number Koha item type
    Non-fiction Main Library Main Library SHELF 15 C-RELIGIOUS 25/01/2019 purchase 220 HOS/B 10671 Books